000 01037nam a22002537a 4500
999 _c63828
_d63828
005 20240530110701.0
008 180109s2016 ua | b 000 0 ara d
017 _a2015/26065
_bمصر. دار الكتب
020 _a9789776528734
040 _aEG-CaGPL
_cEG-CaGPL
082 0 4 _221
_a257.1 /
_bط ح
100 0 _aطه السيد احمد الرشيدى
245 1 0 _aحق المشاركة السياسية فى الفقه الاسلامى والقانون الرومانى /
_cطه السيد احمد الرشيدى
250 _aط. 1
260 _aالاسكندرية :
_bدار الكتب والدراسات العربية ،
_c2016.
300 _a188 ص. ؛
_c24 سم
504 _aيشتمل على ارجاعات ببليوجرافية
650 0 7 _2qrmak
_aالفقه الاسلامى
650 0 7 _2qrmak
_aالاسلام والاصلاح السياسى
650 0 7 _2qrmak
_aالاسلام
_xالنظام السياسى فى
651 _2qrmak
942 _2ddc
_cBK